Справочник по проектированию стальных конструкций

Bibliografiske detaljer
Andre forfattere: Щеглов А. С. Александр Станиславович (составитель), Щеглова В. И. Валентина Ивановна, Сигаев И. П. Иван Петрович
Summary:В книгу включены справочные материалы, необходимые для проектирования стальных конструкций с учётом изменений, произошедших в инструктивно-нормативной литературе за последние годы. Данные систематизированы по разделам, добавлены сведения, необходимые при курсовом и дипломном проектировании.
Sprog:russisk
Udgivet: Москва, Инфра-Инженерия, 2019
Fag:
Format: MixedMaterials Bog
KOHA link:https://koha.lib.tpu.ru/cgi-bin/koha/opac-detail.pl?biblionumber=343066

MARC

LEADER 00000nam0a2200000 4500
001 343066
005 20231102005523.0
010 |a 9785972903177 
035 |a (RuTPU)RU\TPU\book\372817 
090 |a 343066 
100 |a 20190619d2019 km y0rusy50 ca 
101 0 |a rus 
102 |a RU 
105 |a a g 001zy 
200 1 |a Справочник по проектированию стальных конструкций  |f сост. А. С. Щеглов [и др.] 
210 |a Москва  |a Вологда  |c Инфра-Инженерия  |d 2019 
215 |a 232 с.  |c ил. 
320 |a Библиогр.: с. 223-225 
330 |a В книгу включены справочные материалы, необходимые для проектирования стальных конструкций с учётом изменений, произошедших в инструктивно-нормативной литературе за последние годы. Данные систематизированы по разделам, добавлены сведения, необходимые при курсовом и дипломном проектировании. 
606 1 |a Стальные конструкции  |x Строительная механика  |2 stltpush  |3 (RuTPU)RU\TPU\subj\56681  |9 74572 
610 1 |a материалы 
610 1 |a нагрузки 
610 1 |a воздействия 
610 1 |a сортамент 
610 1 |a вспомогательные материалы 
610 1 |a расчет 
610 1 |a бетонные конструкции 
610 1 |a железобетонные конструкции 
610 1 |a болтовые соединения 
610 1 |a сварные соединения 
610 1 |a нормали 
610 1 |a защита от коррозии 
610 1 |a справочники 
675 |a 624.014.2(035)  |v 4 
702 1 |a Щеглов  |b А. С.  |g Александр Станиславович  |4 220 
702 1 |a Щеглова  |b В. И.  |g Валентина Ивановна  |4 220 
702 1 |a Сигаев  |b И. П.  |g Иван Петрович  |4 220 
801 1 |a RU  |b 63413507  |c 20190619 
801 2 |a RU  |b 63413507  |c 20200610  |g RCR 
942 |c BK 
959 |a 1/20200120  |d 2  |e 990,00  |f УФ:2